शौकत अली : (Record no. 112502)
[ view plain ]
| 000 -LEADER | |
|---|---|
| fixed length control field | 01119nam a22002537a 4500 |
| 005 - DATE AND TIME OF LATEST TRANSACTION | |
| control field | 20170124102939.0 |
| 010 ## - LIBRARY OF CONGRESS CONTROL NUMBER | |
| LC control number | A-836326 |
| 020 ## - INTERNATIONAL STANDARD BOOK NUMBER | |
| Terms of availability | 160.00 |
| International Standard Book Number | 8173440115 |
| 035 ## - SYSTEM CONTROL NUMBER | |
| System control number | A-836326 |
| 037 ## - SOURCE OF ACQUISITION | |
| Source of stock number/acquisition | Cen Lib/Ret |
| 040 ## - CATALOGING SOURCE | |
| Original cataloging agency | DPL |
| Language of cataloging | HN |
| 082 ## - DEWEY DECIMAL CLASSIFICATION NUMBER | |
| Classification number | 921 |
| Item number | व्यासगि |
| 100 ## - MAIN ENTRY--PERSONAL NAME | |
| Personal name | व्यास, गिरिधर लाल |
| 9 (RLIN) | 47920 |
| 245 ## - TITLE STATEMENT | |
| Title | शौकत अली : |
| Statement of responsibility, etc | गिरिधर लाल व्यास |
| Remainder of title | व्यक्ति एवं कृतित्व / |
| 246 ## - VARYING FORM OF TITLE | |
| Title proper/short title | Shaukat ali : vyakti evam krititv / |
| Remainder of title | by Giridhar Lal Vyas |
| 260 ## - PUBLICATION, DISTRIBUTION, ETC. (IMPRINT) | |
| Place of publication, distribution, etc | जयपुर |
| Name of publisher, distributor, etc | राजस्थान पीपुल्स पब्लिशिंग हाउस |
| Date of publication, distribution, etc | 1996 |
| 270 ## - ADDRESS | |
| City | जयपुर |
| Address | चमेलीवाला मार्किट, एम. आई. रोड |
| Postal code | 302001 |
| 300 ## - PHYSICAL DESCRIPTION | |
| Extent | 188पृ. |
| Dimensions | 19सेमी (सजिल्द) |
| 650 ## - SUBJECT ADDED ENTRY--TOPICAL TERM | |
| Topical term or geographic name as entry element | हिन्दी साहित्य |
| 9 (RLIN) | 47921 |
| 650 ## - SUBJECT ADDED ENTRY--TOPICAL TERM | |
| Topical term or geographic name as entry element | Hindi literature |
| 9 (RLIN) | 47922 |
| 650 ## - SUBJECT ADDED ENTRY--TOPICAL TERM | |
| Topical term or geographic name as entry element | Hindi literature |
| 9 (RLIN) | 47923 |
| 650 ## - SUBJECT ADDED ENTRY--TOPICAL TERM | |
| Topical term or geographic name as entry element | Biography |
| 9 (RLIN) | 7490 |
| 942 ## - ADDED ENTRY ELEMENTS (KOHA) | |
| Source of classification or shelving scheme | Dewey Decimal Classification |
| Koha item type | Hindi Books |
| Classification part | 921 |
| Call number suffix | व्यासगि |
| Withdrawn status | Lost status | Damaged status | Not for loan | Home library | Current library | Date acquired | Source of acquisition | Cost, normal purchase price | Total Checkouts | Full call number | Barcode | Date last seen | Copy number | Cost, replacement price | Price effective from | Koha item type |
|---|---|---|---|---|---|---|---|---|---|---|---|---|---|---|---|---|
| Central Library | Central Library | 08/08/2015 | Cen Lib/Ret | 160.00 | 921 व्यासगि | A-836326 | 08/08/2015 | 1 | 160.00 | 08/08/2015 | Hindi Books |
